Fr. Conceicao Rodrigues College of Engineering

Diesel vehicles (Record no. 32011)

MARC details
000 -LEADER
fixed length control field 00286nam a2200133Ia 4500
082 ## - DEWEY DECIMAL CLASSIFICATION NUMBER
Classification number 629.28
100 ## - MAIN ENTRY--PERSONAL NAME
Personal name Camm/F.J
245 ## - TITLE STATEMENT
Title Diesel vehicles
260 ## - PUBLICATION, DISTRIBUTION, ETC.
Name of publisher, distributor, etc. D.B.Taraporevala & Sons
Place of publication, distribution, etc. Bombay
Date of publication, distribution, etc. 1975
300 ## - PHYSICAL DESCRIPTION
Extent 107
546 ## - LANGUAGE NOTE
Language note ENGLISH
654 ## - SUBJECT ADDED ENTRY--FACETED TOPICAL TERMS
Focus term Diesel vehicles
942 ## - ADDED ENTRY ELEMENTS (KOHA)
Koha item type BOOK
Holdings
Withdrawn status Lost status Damaged status Not for loan Collection Home library Current library Shelving location Date acquired Source of acquisition Cost, normal purchase price Inventory number Total Checkouts Full call number Barcode Date last seen Cost, replacement price Price effective from Koha item type
        AFT Fr. Agnel's C.Rodrigues College of Engineering Fr. Agnel's C.Rodrigues College of Engineering   17/03/2023 KBC 8.00 14352   629.28 AFT2715 17/03/2023 8.00 17/03/2023 BOOK
        AFT Fr. Agnel's C.Rodrigues College of Engineering Fr. Agnel's C.Rodrigues College of Engineering   17/03/2023 KBC 8.00 14352   629.28 AFT2716 17/03/2023 8.00 17/03/2023 BOOK
        AFT Fr. Agnel's C.Rodrigues College of Engineering Fr. Agnel's C.Rodrigues College of Engineering   17/03/2023 KBC 8.00 14352   629.28 AFT2717 17/03/2023 8.00 17/03/2023 BOOK
        AFT Fr. Agnel's C.Rodrigues College of Engineering Fr. Agnel's C.Rodrigues College of Engineering   17/03/2023 UBS 8.00 T-196   629.28 AFT2789 17/03/2023 8.00 17/03/2023 BOOK